000 00459nam a22001697a 4500
003 MACL
005 20160203160720.0
008 160203b xxu||||| |||| 00| 0 eng d
040 _cMACL
041 _aEnglish
082 _a333/KHU
100 _aKhuntia,Rama Chandra
_936636
245 _aThe Voice of Environment in The Parliament
260 _aOdisha
_bKanhu Charan Indumati Sachidevi Foundations
_c2012
650 _aEnvironment
_936704
942 _2ddc
_cBK
999 _c53119
_d53119